000 01910nam a2200253Ia 4500
001 19484
003 GE_BSU
008 181216s||||||||xx |||||||||||||| ||und||
040 _cGE_BSU
080 _a27 - 248.3
245 _aპავლეს ეპისტოლეთა ქართული ვერსიები = Грузинские версии посланий Павла
245 _cგამოსაც.მოამზადეს;ქეთევან ძპოწენიძემ,და კორნელი დანელიამ.რედ: აკაკი შანიძე
250 _aძველი ქართული ენის კათედრის შრომები:16
260 _aთბილისი
260 _bთბილისის სახ.უნ-ტის გამ-ბა.
260 _c1974
300 _a522 გვ;26სმ.
520 _aგარეკანზე სათაური:პავლენი
541 _h8ლ.80თ.
653 _aეპისტოლენი პავლე მოციქულისანი -- რომაელთა მიმართ -- I კორინთელთა მიმართ -- II კორინთელთა მიმართ -- ალატელთა მიმართ -- ეფესელთა მიმართ -- ფილიპელთა მიმართ -- კოლასელთა მიმართ -- I თესაკოლინელთა მიმართ -- II თესაკოლინელთა მიმართ -- ებრაელთა მიმართ -- I ტიმოთეს მიმართ -- II ტიმოთეს მიმართ
653 _aრელიგია
653 _aსახარება; ეპისტოლენი ; პავლეს ეპისტოლენი.
942 _cBK
999 _c52461
_d52461